000 00600nam a22001817a 4500
005 20140804112130.0
010 _aENG-110042
020 _a9789383379187
_c300.00
035 _aEN-93575
037 _bDBAD/PUB
082 _a000
245 _aOne hundred one (101) speed tests for IBPS-CWE bank PO/MT exam
246 _aOne hundred one speed tests for IBPS-CWE bank PO/MT exam
260 _aNew Delhi
_bDisha Publication
_c(201?)
270 _aB-32, Shivalik Main Road, Maliviya Nagar
_bNew Delhi
_e110017
300 _aviii,244,100p.
_c26cm(pbk)
942 _2ddc
_cEN
_mONE
_h000
999 _c84380
_d84380